000 00331nam a22001457a 4500
008 230719b ||||| |||| 00| 0 eng d
020 _a9780195068832
041 _aeng
080 _a902
082 _a902
100 _a44
101 _aENCI
245 _aTHE CAUSES OF MOLECULAR EVOLUTION
_cGILLESPIE . H . J
942 _2udc
_cBK
999 _c60176
_d60176